000 00429 a2200169 4500
003 Nust
005 20230619082402.0
040 _cNust
082 _a954,SAG
100 _aSagar ,Tariq Ismail
_967184
245 _aRAW :
_bResearch and Analysis Wing /
_cTariq Ismail Sagar
260 _aGHQ, Rwp
_bServices Book Club
_c1998
300 _a240 p
600 _aTariq ismail Sagar
_99439
650 _aRaw
_9113146
942 _2ddc
_cBK
999 _c179215
_d179215